Edge of honor : (Record no. 409356)
[ view plain ]
| 000 -LEADER | |
|---|---|
| fixed length control field | 02208cam a2200409 i 4500 |
| 001 - CONTROL NUMBER | |
| control field | in903006092 |
| 003 - CONTROL NUMBER IDENTIFIER | |
| control field | Ingram |
| 005 - DATE AND TIME OF LATEST TRANSACTION | |
| control field | 20250716161755.0 |
| 008 - FIXED-LENGTH DATA ELEMENTS--GENERAL INFORMATION | |
| fixed length control field | 250610s2025 nyu 000 1 eng d |
| 020 ## - INTERNATIONAL STANDARD BOOK NUMBER | |
| International Standard Book Number | 9781982182274 |
| Qualifying information | (hardback) |
| 035 ## - SYSTEM CONTROL NUMBER | |
| System control number | (OCoLC)1523115042 |
| 040 ## - CATALOGING SOURCE | |
| Original cataloging agency | TnLvILS |
| Language of cataloging | eng |
| Description conventions | rda |
| Transcribing agency | TnLvILS |
| Modifying agency | TnLvILS |
| 043 ## - GEOGRAPHIC AREA CODE | |
| Geographic area code | n-us--- |
| 050 #4 - LIBRARY OF CONGRESS CALL NUMBER | |
| Classification number | PS3620.H75 |
| Item number | E34 2025 |
| 082 04 - DEWEY DECIMAL CLASSIFICATION NUMBER | |
| Classification number | 813/.6 |
| Edition number | 23/eng/20250610 |
| 092 ## - LOCALLY ASSIGNED DEWEY CALL NUMBER (OCLC) | |
| Classification number | fiction |
| Item number | Thor, Brad |
| 100 1# - MAIN ENTRY--PERSONAL NAME | |
| Personal name | Thor, Brad, |
| Relator term | author. |
| 9 (RLIN) | 49613 |
| 245 10 - TITLE STATEMENT | |
| Title | Edge of honor : |
| Remainder of title | a thriller / |
| Statement of responsibility, etc | Brad Thor. |
| 250 ## - EDITION STATEMENT | |
| Edition statement | First Emily Bestler Books/Atria Books hardcover edition. |
| 264 #1 - Production, Publication, Distribution, Manufacture, and Copyright Notice. | |
| Place of production, publication, distribution, manufacture | New York : |
| Name of producer, publisher, distributor, manufacturer | Emily Bestler Books/Atria, |
| Date of production, publication, distribution, manufacture, or copyr | 2025. |
| 300 ## - PHYSICAL DESCRIPTION | |
| Extent | 326 pages ; |
| Dimensions | 25 cm. |
| 336 ## - Content Type | |
| Content type term | text |
| 337 ## - Media type | |
| Media type term | unmediated |
| 338 ## - Carrier type | |
| Carrier type term | volume |
| 490 1# - SERIES STATEMENT | |
| Series statement | Scot Harvath thriller ; |
| Volume number/sequential designation | [book #24] |
| 500 ## - GENERAL NOTE | |
| General note | Series numeration from publisher's website. |
| 520 ## - SUMMARY, ETC. | |
| Summary, etc | "After six months abroad, America's top spy returns to a new administration, a new set of global priorities, and a power struggle--the likes of which the United States has never experienced. Drawn into a web of deceit and deadly politics, Scot Harvath is thrust into a high-stakes conspiracy that could change the course of history. A cabal of shadowy elites is maneuvering for control and if they succeed, they will bring the country to its knees. When trust is fleeting and survival means making impossible decisions, Harvath finds himself at the precipice. The actions he takes will shape the future of America--and might cost him everything he holds dear. With enemies at every turn, one wrong move could push the nation over the edge"--Provided by publisher. |
| 600 10 - SUBJECT ADDED ENTRY--PERSONAL NAME | |
| Personal name | Harvath, Scot |
| Titles and other words associated with a name | (Fictitious character) |
| Form subdivision | Fiction. |
| 9 (RLIN) | 5775805 |
| 650 #0 - SUBJECT ADDED ENTRY--TOPICAL TERM | |
| Topical term or geographic name as entry element | Intelligence officers |
| Geographic subdivision | United States |
| Form subdivision | Fiction. |
| 9 (RLIN) | 5684934 |
| 650 #0 - SUBJECT ADDED ENTRY--TOPICAL TERM | |
| Topical term or geographic name as entry element | Conspiracy |
| Form subdivision | Fiction. |
| 9 (RLIN) | 5676314 |
| 650 #0 - SUBJECT ADDED ENTRY--TOPICAL TERM | |
| Topical term or geographic name as entry element | Terrorism |
| General subdivision | Prevention |
| Form subdivision | Fiction. |
| 9 (RLIN) | 5674888 |
| 655 #7 - INDEX TERM--GENRE/FORM | |
| Genre/form data or focus term | Spy fiction. |
| Source of term | lcgft |
| 9 (RLIN) | 5700151 |
| 655 #7 - INDEX TERM--GENRE/FORM | |
| Genre/form data or focus term | Political fiction. |
| Source of term | lcgft |
| 9 (RLIN) | 5674723 |
| 655 #7 - INDEX TERM--GENRE/FORM | |
| Genre/form data or focus term | Thrillers (Fiction) |
| Source of term | lcgft |
| 800 1# - SERIES ADDED ENTRY--PERSONAL NAME | |
| Personal name | Thor, Brad. |
| Title of a work | Scot Harvath series ; |
| Volume/sequential designation | 24. |
| 9 (RLIN) | 6546838 |
| 942 ## - ADDED ENTRY ELEMENTS (KOHA) | |
| Source of classification or shelving scheme | Dewey Decimal Classification |
| Koha item type | BOOK |
| Withdrawn status | Lost status | Source of classification or shelving scheme | Damaged status | Not for loan | Collection code | Home library | Current library | Shelving location | Date acquired | Source of acquisition | Total Checkouts | Total Renewals | Full call number | Barcode | Date last seen | Date checked out | Cost, replacement price | Price effective from | Koha item type |
|---|---|---|---|---|---|---|---|---|---|---|---|---|---|---|---|---|---|---|---|
| Dewey Decimal Classification | Fiction | Wasatch County Library | Wasatch County Library | First Floor | 07/16/2025 | Ingram | 5 | 4 | F Thor | 34301002117952 | 12/03/2025 | 09/25/2025 | 29.99 | 07/16/2025 | BOOK |
